Essential chemistry (Record no. 385)
[ view plain ]
| 000 -LEADER | |
|---|---|
| fixed length control field | 00383nam a2200169u 4500 |
| 008 - FIXED-LENGTH DATA ELEMENTS--GENERAL INFORMATION | |
| fixed length control field | 080212|||||||||||||||||||||||||||||eng|u |
| 020 ## - INTERNATIONAL STANDARD BOOK NUMBER | |
| International Standard Book Number | 007011207x |
| 100 1# - MAIN ENTRY--PERSONAL NAME | |
| Personal name | Chang, Raymond |
| 245 10 - TITLE STATEMENT | |
| Title | Essential chemistry |
| Statement of responsibility, etc | Raymond Chang |
| 260 ## - PUBLICATION, DISTRIBUTION, ETC. (IMPRINT) | |
| Place of publication, distribution, etc | U.S.A. |
| Name of publisher, distributor, etc | McGraw Hill |
| Date of publication, distribution, etc | 1996 |
| 300 ## - PHYSICAL DESCRIPTION | |
| Extent | 719p. |
| 600 04 - SUBJECT ADDED ENTRY--PERSONAL NAME | |
| Personal name | Quimica |
| 961 wl - | |
| -- | 11 |
| 961 wl - | |
| -- | 11 |
| Withdrawn status | Lost status | Damaged status | Not for loan | Home library | Current library | Date acquired | Total Checkouts | Full call number | Barcode | Date last seen | Price effective from | Koha item type |
|---|---|---|---|---|---|---|---|---|---|---|---|---|
| Beira - Ciências da Saúde | Beira - Ciências da Saúde | 31/12/2011 | 54 | 737 | 31/12/2011 | 31/12/2011 | Books | |||||
| Beira - Ciências da Saúde | Beira - Ciências da Saúde | 31/12/2011 | 54 | 4339 | 31/12/2011 | 31/12/2011 | Books |
